Inside Christian community (Record no. 8192)
[ view plain ]
| 000 -LEADER | |
|---|---|
| fixed length control field | 00408nam a2200157Ia 4500 |
| 003 - CONTROL NUMBER IDENTIFIER | |
| control field | 0100 |
| 005 - DATE AND TIME OF LATEST TRANSACTION | |
| control field | 20190509102459.0 |
| 008 - FIXED-LENGTH DATA ELEMENTS--GENERAL INFORMATION | |
| fixed length control field | 130303s9999 xx 000 0 und d |
| 020 ## - INTERNATIONAL STANDARD BOOK NUMBER | |
| International Standard Book Number | 937716065 |
| 040 ## - CATALOGING SOURCE | |
| Transcribing agency | ARRUPELIB |
| 050 ## - LIBRARY OF CONGRESS CALL NUMBER | |
| Classification number | BV652.2.H35 1981 |
| 300 ## - PHYSICAL DESCRIPTION | |
| Dimensions | 25cm. |
| 300 ## - PHYSICAL DESCRIPTION | |
| Other physical details | |
| 100 ## - MAIN ENTRY--PERSONAL NAME | |
| Personal name | Hammett, Rosine |
| 9 (RLIN) | 46347 |
| 245 ## - TITLE STATEMENT | |
| Title | Inside Christian community |
| Statement of responsibility, etc | Rosine Hammett and Loughlan Sofield |
| 260 ## - PUBLICATION, DISTRIBUTION, ETC. (IMPRINT) | |
| Place of publication, distribution, etc | United States of America |
| Name of publisher, distributor, etc | Le Jacq Publishing Inc. |
| Date of publication, distribution, etc | 1981 |
| 300 ## - PHYSICAL DESCRIPTION | |
| Extent | xxiv, 149p. ; |
| 650 ## - SUBJECT ADDED ENTRY--TOPICAL TERM | |
| Topical term or geographic name as entry element | Church group work |
| 9 (RLIN) | 7787 |
| 650 ## - SUBJECT ADDED ENTRY--TOPICAL TERM | |
| Topical term or geographic name as entry element | Religious life |
| General subdivision | Psychology |
| 9 (RLIN) | 46348 |
| 650 ## - SUBJECT ADDED ENTRY--TOPICAL TERM | |
| Topical term or geographic name as entry element | Christian communities |
| General subdivision | Catholic Church |
| -- | Psychology |
| 9 (RLIN) | 46349 |
| 942 ## - ADDED ENTRY ELEMENTS (KOHA) | |
| Source of classification or shelving scheme | Library of Congress Classification |
| Koha item type | Monograph ( Printed materials) |
| Withdrawn status | Lost status | Source of classification or shelving scheme | Damaged status | Not for loan | Collection code | Home library | Current library | Shelving location | Date acquired | Total Checkouts | Full call number | Barcode | Date last seen | Copy number | Price effective from | Koha item type |
|---|---|---|---|---|---|---|---|---|---|---|---|---|---|---|---|---|
| Library of Congress Classification | Main Collection | ARRUPE LIBRARY | ARRUPE LIBRARY | Main Collection | 04/03/2013 | BV652.2.H35 1981 | 46003039667 | 24/01/2017 | 1 | 04/03/2013 | Monograph ( Printed materials) | |||||
| Library of Congress Classification | Main Collection | ARRUPE LIBRARY | ARRUPE LIBRARY | Main Collection | 09/05/2019 | BV652.2.H35 1981 | 46003039901 | 09/05/2019 | 09/05/2019 | Monograph ( Printed materials) |